Essentials of Pharmacology for Dentistry (Record no. 22837)

MARC details
000 -LEADER
fixed length control field 00428nam a22001697a 4500
003 - CONTROL NUMBER IDENTIFIER
control field SGT
020 ## - INTERNATIONAL STANDARD BOOK NUMBER
International Standard Book Number 9789350904206
082 ## - DEWEY DECIMAL CLASSIFICATION NUMBER
Classification number 615.7
Item number E21T
100 ## - MAIN ENTRY--PERSONAL NAME
Personal name Tripathi, K. D.
245 ## - TITLE STATEMENT
Title Essentials of Pharmacology for Dentistry
250 ## - EDITION STATEMENT
Edition statement 4th
260 ## - PUBLICATION, DISTRIBUTION, ETC. (IMPRINT)
Place of publication, distribution, etc New Delhi, India
Name of publisher, distributor, etc Jaypee Brothers
Year of Publication 2021
300 ## - PAGE DESCRIPTION
No. of Pages 547
650 ## - SUBJECT ADDED ENTRY--TOPICAL TERM
Topical term or geographic name as entry element Pharmacology for Dentistry
653 ## - KEYWORDS--INDEX TERM
Keyword term Pharmacology ; Dentistry
942 ## - ADDED ENTRY ELEMENTS (KOHA)
Source of classification or shelving scheme Dewey Decimal Classification
Koha item type Books
942 ## - ADDED ENTRY ELEMENTS (KOHA)
-- 227
Holdings
Withdrawn status Lost status Source of classification or shelving scheme Damaged status Not for loan Home library Current library Date acquired Vendor Name Cost, normal purchase price SGTU Bill Number Total Checkouts Total Renewals Full call number Accession No. (Barcode) Date last seen Date last borrowed Bill Date Koha item type
    Dewey Decimal Classification     SGT Dental Library SGT Dental Library 11/06/2022 Ahuja Book Co. Pvt. Ltd. 995.00 SGTU 14353 53 1 615.7 E21T FD8904 17/04/2026 27/03/2026 16/04/2022 Books
    Dewey Decimal Classification     SGT Dental Library SGT Dental Library 11/06/2022 Ahuja Book Co. Pvt. Ltd. 995.00 SGTU 14353 46   615.7 E21T FD8905 16/04/2026 07/04/2026 16/04/2022 Books
    Dewey Decimal Classification     SGT Dental Library SGT Dental Library 11/06/2022 Ahuja Book Co. Pvt. Ltd. 995.00 SGTU 14353 60   615.7 E21T FD8906 16/04/2026 07/04/2026 16/04/2022 Books
    Dewey Decimal Classification     SGT Dental Library SGT Dental Library 11/06/2022 Ahuja Book Co. Pvt. Ltd. 995.00 SGTU 14353 54   615.7 E21T FD8907 24/07/2025 03/07/2025 16/04/2022 Books
    Dewey Decimal Classification     SGT Dental Library SGT Dental Library 11/06/2022 Ahuja Book Co. Pvt. Ltd. 995.00 SGTU 14353 58   615.7 E21T FD8908 07/01/2026 06/01/2026 16/04/2022 Books